[Event "Kaltern op 5th"]
[Site "Kaltern"]
[Date "2022.10.22"]
[Round "3"]
[White "Vincenti, Leonardo"]
[Black "Zuev, Mikhail"]
[Result "1-0"]
[WhiteElo "1763"]
[BlackElo "1940"]
[PlyCount "67"]
[EventDate "2022.10.21"]
[EventType "swiss"]
[EventRounds "5"]
[EventCountry "ITA"]
[SourceTitle "EXT 2024"]
[Source "ChessBase"]
[SourceDate "2023.10.10"]
[SourceVersion "1"]
[SourceVersionDate "2023.10.10"]
[SourceQuality "1"]

1. e4 c5 2. Nf3 Nc6 3. Bb5 d6 4. 0-0 Bg4 5. c3 e5 6. d3 Nf6 7. Be3 Qb6 8. Na3 Be7 9. h3 Bxf3 10. Qxf3 0-0 11. Rab1 a6 12. Ba4 Qc7 13. Bxc6 Qxc6 14. c4 Nd7 15. b3 f5 16. Nc2 b5 17. Bd2 Rab8 18. Ne3 fxe4 19. Qxe4 Qxe4 20. dxe4 Bg5 21. Rfd1 Bh4 22. f3 Bd8 23. Nf5 bxc4 24. bxc4 Bc7 25. Bg5 Rxb1 26. Rxb1 Nf6 27. Rb7 Ne8 28. Ne7+ Kh8 29. Nd5 Ba5 30. Be7 Rg8 31. Ra7 h6 32. Rxa6 Bc7 33. Ra7 Bb8 34. Rb7 1-0

[Event "Kaltern op 5th"]
[Site "Kaltern"]
[Date "2022.10.22"]
[Round "2"]
[White "Zuev, Mikhail"]
[Black "Grundhammer, Gerhard"]
[Result "0-1"]
[WhiteElo "1940"]
[BlackElo "1811"]
[PlyCount "84"]
[EventDate "2022.10.21"]
[EventType "swiss"]
[EventRounds "5"]
[EventCountry "ITA"]
[SourceTitle "EXT 2024"]
[Source "ChessBase"]
[SourceDate "2023.10.10"]
[SourceVersion "1"]
[SourceVersionDate "2023.10.10"]
[SourceQuality "1"]

1. d4 d5 2. c4 Bf5 3. Nc3 e6 4. Nf3 c6 5. Bf4 Bd6 6. Bxd6 Qxd6 7. Qb3 Qe7 8. e3 Nf6 9. Rc1 0-0 10. Be2 dxc4 11. Bxc4 b6 12. Ne5 Qb7 13. f3 Nbd7 14. e4 Bg6 15. Nxg6 hxg6 16. 0-0 Rad8 17. e5 Nd5 18. Ne4 Qa8 19. Bxd5 exd5 20. Nd6 c5 21. Qd3 Qb8 22. Rfe1 cxd4 23. f4 Nc5 24. Qxd4 Rxd6 25. exd6 Qxd6 26. Rcd1 Rd8 27. Re5 Ne6 28. Qf2 d4 29. g3 Qb4 30. Qe2 Nc5 31. Qd2 Qa4 32. b3 Qc6 33. Qg2 Qd7 34. Qd2 f6 35. Ree1 Qc6 36. Qg2 Qd7 37. Qc2 f5 38. b4 Ne4 39. Qc4+ Kf8 40. Rd3 b5 41. Qb3 Nc3 42. Rc1 Ne2+ 0-1

[Event "Kaltern op 5th"]
[Site "Kaltern"]
[Date "2022.10.21"]
[Round "1"]
[White "Mueller, Ralf1111"]
[Black "Zuev, Mikhail"]
[Result "1-0"]
[WhiteElo "2342"]
[BlackElo "1940"]
[PlyCount "73"]
[EventDate "2022.10.21"]
[EventType "swiss"]
[EventRounds "5"]
[EventCountry "ITA"]
[SourceTitle "EXT 2024"]
[Source "ChessBase"]
[SourceDate "2023.10.10"]
[SourceVersion "1"]
[SourceVersionDate "2023.10.10"]
[SourceQuality "1"]

1. d4 d5 2. c4 c6 3. Nc3 Nf6 4. cxd5 cxd5 5. Bf4 e6 6. e3 Bb4 7. Rc1 Nc6 8. Bd3 0-0 9. a3 Bd6 10. Bxd6 Qxd6 11. f4 Bd7 12. Nf3 h6 13. Ne5 Ne8 14. 0-0 Nxe5 15. fxe5 Qe7 16. Qb3 b6 17. Rf3 Rc8 18. Rcf1 f5 19. Bxf5 exf5 20. Nxd5 Qe6 21. Ne7+ Kf7 22. Qxe6+ Kxe6 23. Ng6 Rg8 24. Rxf5 Bb5 25. d5+ Kd7 26. Rf7+ Kd8 27. Nf4 Rc2 28. Rd1 Bc4 29. Rxa7 g5 30. Ne6+ Kc8 31. Rh7 h5 32. e4 Be2 33. d6 Bb5 34. d7+ Bxd7 35. Rhxd7 Rc6 36. Rd8+ Kb7 37. R1d7+ 1-0

[Event "Innsbruck op-B 3rd"]
[Site "Innsbruck"]
[Date "2019.08.26"]
[Round "2"]
[White "Walcher, Christian"]
[Black "Zuev, Mikhail"]
[Result "1-0"]
[WhiteElo "1891"]
[BlackElo "1719"]
[PlyCount "31"]
[EventDate "2019.08.25"]
[EventType "swiss"]
[EventRounds "9"]
[EventCountry "AUT"]
[SourceTitle "EXT 2020"]
[Source "ChessBase"]
[SourceDate "2019.10.17"]
[SourceVersion "1"]
[SourceVersionDate "2019.10.17"]
[SourceQuality "1"]

1. e4 c5 2. Nf3 e6 3. Nc3 a6 4. a3 Nc6 5. d4 cxd4 6. Nxd4 Nf6 7. Nxc6 bxc6 8. e5 Nd5 9. Ne4 Qc7 10. f4 f5 11. exf6 Nxf4 12. fxg7 Bxg7 13. Nd6+ Kf8 14. Bxf4 Bxb2 15. Qf3 Rg8 16. Be5+ 1-0

[Event "Innsbruck op-B 2nd"]
[Site "Innsbruck"]
[Date "2018.08.28"]
[Round "5"]
[White "Zuev, Mikhail"]
[Black "Wieser, Andreas2222"]
[Result "1/2-1/2"]
[WhiteElo "1656"]
[BlackElo "1947"]
[PlyCount "35"]
[EventDate "2018.08.24"]
[EventType "swiss"]
[EventRounds "9"]
[EventCountry "AUT"]
[SourceTitle "CBM 186 Extra"]
[Source "ChessBase"]
[SourceDate "2018.08.24"]
[SourceVersion "1"]
[SourceVersionDate "2018.08.24"]
[SourceQuality "1"]

1. g3 d5 2. d4 Nf6 3. Bg2 e6 4. Nf3 Be7 5. 0-0 0-0 6. Re1 Nbd7 7. Nbd2 b6 8. e4 dxe4 9. Ng5 Bb7 10. Ndxe4 Nxe4 11. Nxe4 Rb8 12. h4 Bf6 13. Nxf6+ Nxf6 14. Bxb7 Rxb7 15. Qf3 Qd5 16. Qxd5 exd5 17. c3 c5 18. Be3 1/2-1/2

[Event "Innsbruck op-B 2nd"]
[Site "Innsbruck"]
[Date "2018.08.26"]
[Round "3"]
[White "Zuev, Mikhail"]
[Black "Beyer, Edith"]
[Result "1-0"]
[WhiteElo "1656"]
[BlackElo "1377"]
[PlyCount "139"]
[EventDate "2018.08.24"]
[EventType "swiss"]
[EventRounds "9"]
[EventCountry "AUT"]
[SourceTitle "CBM 186 Extra"]
[Source "ChessBase"]
[SourceDate "2018.08.24"]
[SourceVersion "1"]
[SourceVersionDate "2018.08.24"]
[SourceQuality "1"]

1. g3 d5 2. d4 Nf6 3. Bg2 e6 4. Nf3 c5 5. c3 cxd4 6. cxd4 Nc6 7. 0-0 Be7 8. Ne5 Nxe5 9. dxe5 Nd7 10. Qa4 0-0 11. e4 Nc5 12. Qc2 dxe4 13. Bxe4 Nxe4 14. Qxe4 Rb8 15. Nc3 b6 16. Bf4 Bb7 17. Qe2 Qe8 18. Rac1 Bc5 19. Ne4 Qc6 20. Rfe1 Kh8 21. b4 Qxe4 22. Qxe4 Bxe4 23. Rxe4 Be7 24. Rc7 Rfe8 25. Rxa7 Ra8 26. Rxa8 Rxa8 27. Rc4 Kg8 28. Rc6 Bxb4 29. Rxb6 Bc5 30. Rb2 h6 31. h4 Bd4 32. Re2 Ra3 33. Kg2 Ra5 34. Kf3 Ra3+ 35. Kg4 Kh7 36. Rd2 Ra4 37. Kf3 Ra3+ 38. Ke2 Ra4 39. Rc2 Ra5 40. Kd3 Bxe5 41. Bxe5 Rxe5 42. a4 Rd5+ 43. Kc4 Rd8 44. Ra2 Rb8 45. a5 Kg8 46. a6 Kf8 47. a7 Ra8 48. Kb5 Ke7 49. Kb6 Rd8 50. a8Q Rd6+ 51. Kc5 Rd5+ 52. Qxd5 exd5 53. Kxd5 Kf6 54. g4 Kg6 55. f4 Kh7 56. f5 f6 57. Ke6 Kg8 58. g5 hxg5 59. hxg5 fxg5 60. Rg2 Kh7 61. Rxg5 Kh6 62. Rg6+ Kh7 63. Kf7 Kh8 64. f6 Kh7 65. Rxg7+ Kh6 66. Rg1 Kh5 67. Ke6 Kh6 68. f7 Kh7 69. Ke7 Kh6 70. f8Q+ 1-0

[Event "Kaltern Trophy-B 2nd"]
[Site "Kaltern"]
[Date "2017.10.29"]
[Round "4"]
[White "Zuev, Mikhail"]
[Black "Maechler, Frank"]
[Result "0-1"]
[WhiteElo "1492"]
[BlackElo "1840"]
[PlyCount "140"]
[EventDate "2017.10.27"]
[EventType "swiss"]
[EventRounds "5"]
[EventCountry "ITA"]
[SourceTitle "CBM 181 Extra"]
[Source "ChessBase"]
[SourceDate "2017.12.12"]
[SourceVersion "1"]
[SourceVersionDate "2017.12.12"]
[SourceQuality "1"]

1. d4 Nf6 2. g3 d5 3. Bg2 c6 4. Nf3 Bf5 5. 0-0 h6 6. Re1 e6 7. h4 Bd6 8. Nbd2 Nbd7 9. Nh2 0-0 10. e4 dxe4 11. Nxe4 Nxe4 12. Bxe4 Bxe4 13. Rxe4 Nf6 14. Re1 c5 15. Ng4 Nxg4 16. Qxg4 Qf6 17. Be3 Rac8 18. c3 b6 19. Rad1 Rfe8 20. dxc5 Bxc5 21. Bd4 Bxd4 22. Rxd4 Red8 23. Red1 Rxd4 24. Qxd4 Qxd4 25. Rxd4 Rc7 26. f4 Kf8 27. Kf2 Ke7 28. Ke3 h5 29. a4 g6 30. Ke4 Rc5 31. Kd3 Rc7 32. Rc4 Rd7+ 33. Rd4 Rc7 34. c4 a5 35. b3 Rd7 36. Rxd7+ Kxd7 37. Kd4 Kd6 38. c5+ bxc5+ 39. Kc4 Kc6 40. Kc3 Kd5 41. Kd3 f6 42. Kc3 e5 43. fxe5 fxe5 44. Kd3 e4+ 45. Kc3 Ke5 46. Kc4 Kd6 47. Kc3 Kd5 48. Kc2 Kd4 49. Kd2 e3+ 50. Kc2 Ke4 51. Kc1 e2 52. Kd2 Kf3 53. Ke1 Kxg3 54. Kxe2 Kxh4 55. Kd3 g5 56. Kc4 g4 57. Kxc5 g3 58. Kb5 g2 59. Kxa5 g1Q 60. b4 Qa7+ 61. Kb5 Kg5 62. a5 h4 63. a6 h3 64. Ka5 h2 65. b5 h1Q 66. Kb4 Qb6 67. a7 Qe4+ 68. Kc3 Qbe3+ 69. Kb2 Qg2+ 70. Kb1 Qeg1# 0-1